Έθνος και ορθοδοξία : οι περιπέτειες μιας σχέσης από το "ελλαδικό" στο βουλγαρικό σχίσμα

Αποθηκεύτηκε σε:
Λεπτομέρειες βιβλιογραφικής εγγραφής
Κύριος συγγραφέας: Ματάλας, Παρασκευάς
Μορφή: Βιβλίο
Γλώσσα:Greek
Δημοσίευση: Ηράκλειο : Πανεπιστημιακές Εκδόσεις Κρήτης, 2002.
Σειρά:Ιστορία και κοινωνία (Πανεπιστημιακές Εκδόσεις Κρήτης)
Θέματα:
Ετικέτες: Προσθήκη ετικέτας
Δεν υπάρχουν, Καταχωρήστε ετικέτα πρώτοι!

MARC

LEADER 00000cam a2200000 i 4500
001 1/28236
008 021024s2002 gr | ||| |||| ||gre||
020 |a 9605241447 
035 |l 10068580 
040 |a GR-MyUa  |b gre  |e AACR2 
041 0 |a gre 
082 7 |a 938.6   |2 (22) 
100 1 |a Ματάλας, Παρασκευάς. 
245 1 0 |a Έθνος και ορθοδοξία :   |b οι περιπέτειες μιας σχέσης από το "ελλαδικό" στο βουλγαρικό σχίσμα /   |c Παρασκευάς Ματάλας. 
260 |a Ηράκλειο :   |b Πανεπιστημιακές Εκδόσεις Κρήτης,   |c 2002. 
300 |a 390 σ. ;   |c 23 εκ. 
490 1 |a (Ιστορία και κοινωνία / Πανεπιστημιακές Εκδόσης Κρήτης) 
504 |a Περιέχει βιβλιογραφία και ευρετήριο. 
610 2 0 |a Orthodox Eastern Church  |x History. 
650 0 |a Eastern question (Balkan) 
650 0 |a Church and state  |z Greece  |y 19th century. 
651 0 |a Greece  |x History  |y 19th century. 
830 0 |a Ιστορία και κοινωνία (Πανεπιστημιακές Εκδόσεις Κρήτης) 
852 |a INST  |b LESVOS  |e 20021024  |h 938.6 ΜΑΤ  |p 005100024958  |q 005100024958  |t BK  |y 0 
901 |a BIBL1-2002-3 
970 |a Καμάτσου   |b Δέσποινα   |z 2002/10/24